| 000 | 00571nam a22001697a 4500 | ||
|---|---|---|---|
| 005 | 20251108175013.0 | ||
| 008 | 250721s2010 xx 000 0 ara d | ||
| 082 | 1 | 4 | _a370/جرا |
| 100 | 1 |
_aالجراجرة، عيسى حسن _eمؤلف |
|
| 245 | 1 | 0 | _aنظرية ساطع الحصري في التعلم والتعليم وآراؤه في دور التربية ..... / |
| 264 | 1 |
_aعمان : _bدار مؤاب للنشر والتوزيع، _c2010. |
|
| 300 | _a304ص. | ||
| 650 | 1 | 7 | _aالتربية |
| 650 | 1 | 7 | _aالتعلم |
| 942 |
_2ddc _cBK |
||
| 999 |
_c123674 _d123674 |
||